Régimen jurídico del cambio climático
-д хадгалсан:
| Үндсэн зохиолч: | |
|---|---|
| Формат: | Ном |
| Хэл сонгох: | испани |
| Хэвлэсэн: |
Valladolid
Lex Nova
2006
|
| Хэвлэл: | 1a. ed |
| Цуврал: | Derecho Público
|
| Нөхцлүүд: | |
| Шошгууд: |
Шошго нэмэх
Шошго байхгүй, Энэхүү баримтыг шошголох эхний хүн болох!
|
MARC
| LEADER | 00000nam a2200000 a 4500 | ||
|---|---|---|---|
| 001 | UCI9905 | ||
| 003 | CL-VaPUC | ||
| 008 | 081218e20060000SP |||||||||||||||||spa|d | ||
| 020 | |a 8485012976 | ||
| 082 | 0 | 4 | |a 341.762 |b SAR |2 21 |
| 100 | 0 | |a Sarasíbar Iriarte, Miren |e author |9 533944 | |
| 245 | 1 | 0 | |a Régimen jurídico del cambio climático |
| 250 | |a 1a. ed | ||
| 300 | |a 313 p | ||
| 942 | |c BK | ||
| 945 | |d 20081218 00:00:00 |a rbrito | ||
| 260 | |a Valladolid |b Lex Nova |c 2006 | ||
| 650 | 0 | |a Derecho internacional |9 255637 | |
| 650 | 0 | |a Derecho ambiental |9 257835 | |
| 650 | 0 | |a Cambio climático |9 428490 | |
| 650 | 0 | |a Protección del medio ambiente |9 257626 | |
| 651 | 0 | |a España |9 254926 | |
| 651 | 0 | |a Europa |9 255156 | |
| 583 | |a last modification |c 20161003 10:15:51 |k Rodrigo Vera | ||
| 490 | 0 | |a Derecho Público | |
| 999 | |c 332351 |d 332349 | ||
| 952 | |0 0 |1 0 |4 0 |6 341_762000000000000_SAR_2006 |7 0 |8 A |9 419964 |a BIBDER |b BIBDER |d 2019-11-22 |i 4506537 |o 341.762 SAR 2006 |p 4506537 |r 2023-01-25 |w 2019-11-22 |y BK |k DER | ||